| 000 | 01359nam a2200301 a 4500 | ||
|---|---|---|---|
| 001 | 000003499 | ||
| 003 | DO-SdBNP | ||
| 005 | 20250621074004.0 | ||
| 007 | ta | ||
| 008 | 090709t2008 dr 001 0 spa d | ||
| 020 | _a9789945162141 | ||
| 040 |
_aDO-SdBNP _bspa _cBNPHU |
||
| 082 | 4 |
_a320.97293 _bM878r _222 |
|
| 100 | 1 |
_aMorrison, Milton, _d1975- _910874 |
|
| 245 | 1 | 3 |
_aLa ruptura generacional : _bhacia una renovación de la esperanza / _cMilton Morrison. |
| 260 |
_aSanto Domingo : _bBúho, _c2008. |
||
| 300 |
_a122 p. ; _c23 cm. |
||
| 500 | _aIncluye datos biográficos del autor en la solapa. | ||
| 505 | 0 |
_gPrefacio / _rFederico Jóvine Rijo -- _tDistorisión de la política -- _tMal manejo de la economía -- _tGlobalización e identidad cultural -- _tDebilitamiento del capital social -- _tPrincipios, valores y responsabilidad social -- _tUnidades y agentes de cambios -- _tMi visión acerca de las soluciones -- _tLa vía alterna como epílogo. |
|
| 590 | _aInventariado, 2018/LP | ||
| 650 | 0 |
_aGlobalización _91524 |
|
| 651 | 0 |
_aRepública Dominicana _xPolítica y gobierno _945 |
|
| 651 | 4 |
_aRepública Dominicana _xAdministración pública _9657 |
|
| 651 | 4 |
_aRepública Dominicana _xCondiciones económicas _9281 |
|
| 651 | 4 |
_aRepública Dominicana _xCondiciones sociales _946 |
|
| 910 | _aValidado. Control de calidad EMS. | ||
| 942 |
_2ddc _cLBS1 |
||
| 999 |
_c3327 _d3327 |
||